000 00543nam a2200133Ia 4500
008 100328s9999 xx 000 0 und d
082 _b4809
100 _aटिपनीस गोविंद गोपाळ
245 _aसाक्रेटीस आणि त्याचे विचार
260 _bमनोहर छापखाना
630 _aसाक्रेटीस आणि त्याचे विचार
730 _aसाक्रेटीस आणि त्याचे विचार
942 _cBOOK
999 _c500826
_d500823